Príbeh nového priezviska

Bibliographic Details
Main Author: Ferrante, Elena, 1943- (Author)
Other Authors: Dobrakovová, Ivana, 1982- (Translator)
Format: Book
Language:Slovak
Italian
PhysicalDescription:397 strán 21 cm
Published: Bratislava Inaque 2023
ISBN:9788082071842
Edition:Druhé vydanie
Series:Cygne
Subjects:

MARC

LEADER 00000cam a2200000 4500
001 vtls012229034
003 SK-MaSNL
005 20260301203505.0
008 230505s2023 xo g 000 f slo
015 |a SNBA2023/06 
020 |a 9788082071842  |q (viazané) 
040 |a SNK  |b slo  |c SNK  |e rda 
041 1 |a slo  |h ita 
044 |a xo  |c SK 
072 7 |a 821.131.1-3  |x Talianska próza  |2 konspekt 
080 |a 821.131.1-31  |2 2011 
100 1 |a Ferrante, Elena,  |d 1943-  |4 aut  |9 56562 
240 1 0 |a Storia del nuovo cognome  |l Slovensky 
245 1 0 |a Príbeh nového priezviska  |c Elena Ferrante ; z talianskeho originálu Storia del nuovo cognome preložila Ivana Dobrakovová 
250 |a Druhé vydanie 
264 1 |a Bratislava  |b Inaque  |c 2023 
300 |a 397 strán  |c 21 cm 
336 |a text  |b txt  |2 rdacontent 
337 |a bez média  |b n  |2 rdamedia 
338 |a zväzok  |b nc  |2 rdacarrier 
490 1 |a Cygne  |v 9. zväzok 
655 7 |a talianske romány  |2 SNKPH  |9 70617 
655 7 |a Italian fiction  |2 SNKPHeng  |9 311546 
700 1 |a Dobrakovová, Ivana,  |d 1982-  |4 trl  |9 107727 
710 2 |a ARThur (Bratislava, Slovensko).  |b Inaque  |4 pbl  |9 303505 
787 0 8 |i Zo ságy:  |t Neapolská sága  |g 2. časť 
830 0 |a Cygne  |9 509742 
852 |a Slovenská národná knižnica 
919 |a 978-80-8207-184-2 
954 |a beletria cudzojazyčná (svetová)  |2 lita 
958 |a LX 
958 |a UP 
968 |b IT 
999 |c 902822  |d 904752 
952 |a SNK  |b SNK  |y PREZ  |7 0  |p 17A1529006  |o snkSC 197900/2  |i snk2023/7256  |8 0  |0 0  |1 0  |4 0  |d 2023-05-05  |l 0  |r 2025-10-20 00:00:00  |w 2026-02-24 
952 |a SNK  |b SNK  |y PREZ  |7 0  |p 17A1529007  |o snkSC 197900/2 D1  |i snk2023/7257  |8 0  |0 0  |1 0  |4 0  |d 2023-05-05  |l 0  |r 2026-02-24 07:18:50  |w 2026-02-24